<?xml version="1.0" encoding="UTF-8"?>
<record
    xmlns:xsi="http://www.w3.org/2001/XMLSchema-instance"
    xsi:schemaLocation="http://www.loc.gov/MARC21/slim http://www.loc.gov/standards/marcxml/schema/MARC21slim.xsd"
    xmlns="http://www.loc.gov/MARC21/slim">

  <leader>00826nam a2200241 i 4500</leader>
  <controlfield tag="001">64254</controlfield>
  <controlfield tag="003">ES-MaACL</controlfield>
  <controlfield tag="005">20250831031616.0</controlfield>
  <controlfield tag="007">t|</controlfield>
  <controlfield tag="008">031223s1973    sp           |||| | spa d</controlfield>
  <datafield tag="080" ind1=" " ind2=" ">
    <subfield code="a">342.52(460)</subfield>
  </datafield>
  <datafield tag="080" ind1=" " ind2=" ">
    <subfield code="a">342.732(460)</subfield>
  </datafield>
  <datafield tag="080" ind1=" " ind2=" ">
    <subfield code="a">342.728(460)</subfield>
  </datafield>
  <datafield tag="100" ind1="1" ind2=" ">
    <subfield code="a">Fl&#xF3;rez Estrada, &#xC1;lvaro.</subfield>
    <subfield code="9">151173</subfield>
  </datafield>
  <datafield tag="245" ind1="1" ind2="0">
    <subfield code="a">En defensa de las Cortes </subfield>
    <subfield code="b">: con dos ap&#xE9;ndices sobre la libertad de imprenta y en defensa de los derechos de reuni&#xF3;n y asociaci&#xF3;n / </subfield>
    <subfield code="c">&#xC1;lvaro Fl&#xF3;rez Estrada.</subfield>
  </datafield>
  <datafield tag="260" ind1=" " ind2=" ">
    <subfield code="a">[Madrid] : </subfield>
    <subfield code="b">Miguel Castellote, </subfield>
    <subfield code="c">[1973]</subfield>
  </datafield>
  <datafield tag="300" ind1=" " ind2=" ">
    <subfield code="a">168 p. ; </subfield>
    <subfield code="c">17 cm.</subfield>
  </datafield>
  <datafield tag="650" ind1=" " ind2="4">
    <subfield code="a">Libertad de prensa-</subfield>
    <subfield code="z">Espa&#xF1;a.</subfield>
    <subfield code="9">14414</subfield>
  </datafield>
  <datafield tag="650" ind1="0" ind2="4">
    <subfield code="a">Libertad de asociaci&#xF3;n-</subfield>
    <subfield code="z">Espa&#xF1;a.</subfield>
    <subfield code="9">14402</subfield>
  </datafield>
  <datafield tag="650" ind1=" " ind2="7">
    <subfield code="a">Poder legislativo-</subfield>
    <subfield code="z">Espa&#xF1;a</subfield>
    <subfield code="2"></subfield>
    <subfield code="9">145756</subfield>
  </datafield>
  <datafield tag="852" ind1=" " ind2=" ">
    <subfield code="a">ES-MaACL</subfield>
    <subfield code="j">C-55003</subfield>
  </datafield>
  <datafield tag="999" ind1=" " ind2=" ">
    <subfield code="c">64254</subfield>
    <subfield code="d">64254</subfield>
  </datafield>
  <datafield tag="952" ind1=" " ind2=" ">
    <subfield code="0">0</subfield>
    <subfield code="1">0</subfield>
    <subfield code="4">0</subfield>
    <subfield code="7">0</subfield>
    <subfield code="a">ATENEOM</subfield>
    <subfield code="b">ATENEOM</subfield>
    <subfield code="c">DEPO2</subfield>
    <subfield code="d">2008-01-17</subfield>
    <subfield code="e">SC</subfield>
    <subfield code="l">0</subfield>
    <subfield code="o">C-55003</subfield>
    <subfield code="p">1067334</subfield>
    <subfield code="r">2023-02-23 00:00:00</subfield>
    <subfield code="w">2023-02-23</subfield>
    <subfield code="y">MONOGRAFIA</subfield>
  </datafield>
</record>
